000 00489nam a2200181Ia 4500
008 240925s9999 xx 000 0 und d
020 _a70577242
082 _a004.66 SAC
100 _aGeorge ,Sackett C.
245 0 _aATM and Multiprotocol Networking
250 _aNA
260 _aToronto:
_bMc Graw-Hill
_c,1997.
300 _a466p.
_bNA
_fOriginal
500 _aIncludes Index
600 _aComputer Science
650 _aComputer science, information & general works
942 _cBK
999 _c4311
_d4311